| 000 | 01773nam0a2200409 4500 | ||
|---|---|---|---|
| 001 | RU\NLR\bibl\992287 | ||
| 005 | 20260405113618.0 | ||
| 010 |
_a5-7905-4525-4 _bВ пер. _93000 |
||
| 021 |
_aRU _b2006-50734 _92508 |
||
| 035 | _a(NLR Aleph) 000980080 | ||
| 035 | _a(nilc)RSL-KNO-002924646 | ||
| 090 |
_a453515 _c453515 |
||
| 100 | _a20060901d2006 u y0rusy50 ca | ||
| 101 | 1 |
_arus _ceng |
|
| 102 | _aRU | ||
| 105 | _ay ||||||||| | ||
| 106 | _ar | ||
| 200 | 1 |
_aБрендология _dBrand Babble _eправда и вымыслы о брендинге _fДон Е. Шульц, Хейди Ф. Щульц _g[пер. с англ. В. В. Волкова] |
|
| 210 |
_aМосква _cРИПОЛ классик _d2006 _eН.Новгород _gНижполиграф |
||
| 215 |
_a255 с. _cил. _d21 |
||
| 300 | _aАвт. также на англ. яз.: D.E. Schultz, H.F. Schultz | ||
| 320 | _aУказ.: с. 246-255 | ||
| 510 | 1 |
_6z20790 _aBrand Babble _zeng |
|
| 606 | 1 |
_aБренд _92134039 _3RU\NLR\auth\661287070 |
|
| 610 | 0 | _aЭкономика -- Капиталистические страны -- Торговля -- Организация и техника торговли -- Бренд | |
| 686 |
_aУ842.0-803.81,0 _2rubbk |
||
| 686 | _aУ43(0)-361.4 | ||
| 700 | 1 |
_4070 _8rus _7ca _aШульц _bД. Е. _gДон Е. _3RU\NLR\auth\7744288 _927229 |
|
| 701 | 1 |
_4070 _8rus _7ca _aШульц _bХ. Ф. _gХейди Ф. _3RU\NLR\auth\7744290 _927231 |
|
| 790 | 1 |
_4070 _8eng _7ba _aSchultz _bD. E. _gDon E. _3RU\NLR\auth\7744289 _927230 |
|
| 790 | 1 |
_4070 _8eng _7ba _aSchultz _bH. F. _gHeidi F. _3RU\NLR\auth\7744291 _927232 |
|
| 801 | 0 |
_aRU _bРКП _c20060901 |
|
| 801 | 1 |
_aRU _bРГБ _c20060901 |
|
| 801 | 2 |
_aRU _bNLR _c20061005 _grcr |
|
| 942 | _cBOOK | ||
| 980 | _aNB | ||